[Event "WJun"]
[Site "Yerevan ARM"]
[Date "2006.10.05"]
[Round "3"]
[White "Wang Li"]
[Black "Brandenburg,D"]
[Result "1/2-1/2"]
[WhiteElo "2226"]
[BlackElo "2421"]

1.e4 c5 2.Nf3 d6 3.d4 cxd4 4.Nxd4 Nf6 5.Nc3 Nc6 6.Bg5 e6 7.Qd2 a6 8.O-O-O Bd7
9.f3 Be7 10.Be3 b5 11.Nxc6 Bxc6 12.Ne2 O-O 13.Nd4 Bb7 14.g4 Nd7 15.Kb1 d5
16.exd5 Bxd5 17.Rg1 b4 18.Qf2 Qa5 19.b3 Rfc8 20.g5 g6 21.Rd2 Bf8 22.Ne2 Qc7
23.Bd4 a5 24.Rg3 e5 25.Bb2 Be6 26.Bh3 Bc5 27.Qe1 Nf8 28.Nc1 Bd4 29.Bxd4 exd4
30.Qe4 a4 31.bxa4 Rxa4 32.Qxd4 Bxa2+ 33.Nxa2 Rca8 34.Nxb4 Rxb4+ 35.Qxb4 Rb8
36.Qxb8 Qxb8+ 37.Kc1 Qf4 38.Kd1 Kg7 39.Ke1 h5 40.gxh6+ Kxh6 41.Re2 Nh7 42.Bf1 Ng5
43.Kf2 Qd4+ 44.Kg2 f5 45.Rxg5 Kxg5 46.Rf2 Kf4 47.Bd3 Qe3 48.Bf1 g5 49.Bd3 Qc5
50.Bf1 Qc6 51.Kg1 Qd5 52.Bd3 Ke5 53.Re2+ Kf6 54.Rf2 Kg6 55.Rf1 Kh5 56.Rf2 Kh4
57.Rf1 Qd4+ 58.Kg2 Qf4 59.Rf2 Qe5 60.Kg1 g4 61.fxg4 fxg4 62.Kf1 Qe3 63.Rg2 Qf3+
64.Kg1 Qe3+ 65.Kf1  1/2-1/2

[Event "WJun"]
[Site "Yerevan ARM"]
[Date "2006.10.05"]
[Round "3"]
[White "Valeanu,E"]
[Black "Gupta,Ab"]
[Result "1/2-1/2"]
[WhiteElo "2361"]
[BlackElo "2481"]

1.e4 c5 2.Nf3 d6 3.d4 cxd4 4.Nxd4 Nf6 5.Nc3 Nc6 6.Bg5 e6 7.Qd2 a6 8.O-O-O Bd7
9.f4 b5 10.Bxf6 gxf6 11.Kb1 Qb6 12.Nxc6 Bxc6 13.f5 b4 14.Ne2 e5 15.Ng3 h5
16.h4 Qc5 17.Qe2 Ke7 18.Nxh5 Bb5 19.Qg4 Bh6 20.Bd3 Rac8 21.Qe2 Qe3 22.Bxb5 axb5
23.Qxb5 Qxe4 24.Qd7+ Kxd7 25.Nxf6+ Kc6 26.Nxe4 d5 27.Nf6 Rcd8 28.g4 Bg7 29.Nh5 Rxh5
30.gxh5 e4 31.f6 Bh6 32.c3 bxc3 33.bxc3 Kc5 34.Kc2 Rd6 35.Rhf1 e3 36.Kd3 Re6
37.Rde1 Re4 38.Rf5 Kd6 39.Rf3 Rxh4 40.Rexe3 Bxe3 41.Rxe3 Rxh5 42.Re7 Rh3+
43.Kc2 Rh2+ 44.Kb3 Rh3 45.Kb2 Rh2+ 46.Kb1 Rh1+ 47.Kc2 Rh2+ 48.Kb3 Rh3 49.Rxf7 d4
50.Rb7 Rxc3+ 51.Kb2 Rc8 52.f7 d3 53.Rb3 Ke7 54.Rxd3 Kxf7 55.a4 Ke7 56.Kb3 Rd8
57.Re3+ Kd7 58.Kc4 Kc6 59.a5 Kb7 60.Re6 Rd1 61.Rb6+ Ka7 62.Rb3 Ka6 63.Kc5 Rc1+
64.Kb4 Rh1 65.Rg3 Rh4+ 66.Kc5 Rh5+  1/2-1/2

[Event "WJun"]
[Site "Yerevan ARM"]
[Date "2006.10.06"]
[Round "4"]
[White "Hovhannisyan,R"]
[Black "Magalashvili,D"]
[Result "1/2-1/2"]
[WhiteElo "2264"]
[BlackElo "2459"]

1.e4 c5 2.Nf3 d6 3.d4 cxd4 4.Nxd4 Nf6 5.Nc3 Nc6 6.Bg5 e6 7.Qd2 Qb6 8.O-O-O Qxd4
9.Qxd4 Nxd4 10.Rxd4 a6 11.Be2 Rb8 12.Rhd1 Nd7 13.Bh4 Ne5 14.f4 Ng6 15.Bg3 Be7
16.f5 exf5 17.Bxd6 Bxd6 18.Rxd6 O-O 19.Rb6 Ne5 20.Rf1 g6 21.Nd5 Kg7 22.Nf6 Nc6
23.Nd5 fxe4 24.Bxa6 bxa6 25.Rxc6 Bb7 26.Rd6 Bxd5 27.Rxd5 f5 28.g3 Rb5 29.Rfd1 g5
30.c4 Rxd5 31.Rxd5 Kg6 32.Kd2 f4 33.gxf4 gxf4 34.Re5 Rd8+ 35.Ke1 e3 36.c5 Kf6
37.Re4 Kf5 38.Re7 Rd2 39.c6 Rxb2 40.c7 Rc2 41.Kd1 Rc4 42.Ke2 h5 43.Kf3 Kg5
44.Re4 Rxc7 45.Rxf4 e2 46.h4+ Kg6 47.Re4 Rc3+ 48.Kf2 Ra3 49.Rxe2 Kf5 50.Kg2 a5
51.Rc2 Ra4 52.Kf3 Ra3+ 53.Kg2 a4 54.Rc5+ Kf4 55.Rxh5 Rxa2+ 56.Kh3 Ra3+ 57.Kg2 Kg4
58.Rc5 Kxh4 59.Rc4+ Kg5 60.Rd4 Ra1 61.Rc4 Kf5 62.Kh2 a3 63.Rc3 Kf4 64.Rd3 Ke4
65.Rc3 Kd4 66.Rg3 Kc4 67.Rg4+ Kb3 68.Rg3+ Kb2 69.Rg2+  1/2-1/2

[Event "56th TCh-BUL w"]
[Site "Sunny Beach BUL"]
[Date "2006.10.07"]
[Round "3"]
[White "Nikolova,A"]
[Black "Jordanova,S"]
[Result "1/2-1/2"]
[WhiteElo "2167"]
[BlackElo "2248"]

1.e4 c5 2.Nf3 d6 3.d4 cxd4 4.Nxd4 Nf6 5.Nc3 Nc6 6.Bg5 e6 7.Qd2 Be7 8.O-O-O O-O
9.f4 Nxd4 10.Qxd4 Qa5 11.Be2 Bd7 12.Qe3 Bc6 13.Bf3 h6 14.Bh4 Rfe8 15.Bf2 e5
16.Kb1 b5 17.Rd2 b4 18.Ne2 exf4 19.Qd3 b3 20.axb3 Nxe4 21.Bxe4 Bxe4 22.Qc3 Qf5
23.Nd4 Qg6 24.Ka2 Rac8 25.Qa5 d5 26.Rg1 Rb8 27.Qa4 Rec8 28.g3 f3 29.Be3 Bc5
30.Rc1 Rb6 31.Kb1 Rcb8 32.Qd7 Qd6 33.Qxd6 Bxd6 34.Rf1 a5 35.Kc1 Bc5 36.Bf4 Bxd4
37.Bxb8 Be3 38.Bf4 Bxd2+ 39.Bxd2 Rc6 40.c3 Rb6 41.Be3 Rxb3 42.Bd4 f5 43.Rf2 g5
44.Kd1 a4 45.Bc5 Rb5 46.Bd6 Kf7 47.Ke1 Ke6 48.Bf8 h5 49.Rd2 Rb8 50.Bc5 Rc8
51.Be3 Kf6 52.Bd4+ Kg6 53.Kf2 Rf8 54.Bc5 Rf7 55.Rd4 Rb7 56.Ba3 Ra7 57.Rb4 Ra6
58.Rd4 g4 59.Bc5 Kf7 60.Rb4 Ke6 61.Rb8 Kf7 62.Rb7+ Kg6 63.Ke3 Re6 64.Rb6 Rxb6
65.Bxb6 h4 66.gxh4 Kh5 67.Bd8 f4+ 68.Kf2 Kg6 69.Bc7 Kf5 70.Bb8 Bc2 71.Bc7 Ke4
72.h5 Kf5 73.h6 Kg5 74.Bd6 Be4 75.Bc7 Bd3 76.Bd6 Bb1 77.Bc7 Bh7 78.Bd6 Bf5
79.Bc7 Kxh6 80.Bxf4+ Kg6 81.Be3 Bd7 82.Bc5 Kf5 83.Ke3 Bc6 84.Bd4 Bb5 85.Bc5 Be2
86.Bb6 Kg5 87.Bc7 Kh4 88.Bg3+ Kg5 89.Bc7 Kf5 90.Bb6 Ke6 91.Kf4 Kd6 92.Ke3 Kc6
93.Bd8 Kb5 94.Be7 Kc4 95.Kf2 Kb3 96.Ba3 Kc2 97.Ke1 Kd3 98.Kf2 Kd2 99.Bb4 Kd3
100.Bd6 Bd1 101.Bc5 Kd2 102.Bd6 Bc2 103.Bb4 Kc1 104.Ba3 Kd1 105.Bc5 Be4 106.Bd6  1/2-1/2

[Event "WJun"]
[Site "Yerevan ARM"]
[Date "2006.10.08"]
[Round "6"]
[White "Li Chao2"]
[Black "Brandenburg,D"]
[Result "1-0"]
[WhiteElo "2508"]
[BlackElo "2421"]

1.e4 c5 2.Nf3 d6 3.d4 cxd4 4.Nxd4 Nf6 5.Nc3 Nc6 6.Bg5 e6 7.Qd2 a6 8.O-O-O Bd7
9.f3 Be7 10.Kb1 b5 11.Nxc6 Bxc6 12.h4 Rc8 13.Ne2 O-O 14.Nd4 Bb7 15.g4 Nd7
16.Be3 d5 17.f4 Nb6 18.e5 Nc4 19.Qe1 Qc7 20.h5 Bc5 21.Rh2 Qa5 22.Qxa5 Nxa5
23.g5 Nc6 24.c3 Rfe8 25.Bf2 Bf8 26.Bd3 b4 27.Nxc6 Rxc6 28.cxb4 Bxb4 29.Bd4 Bc5
30.Bxc5 Rxc5 31.Rc1 Rxc1+ 32.Kxc1 h6 33.Rc2 Kf8 34.Kd2 Rc8 35.Rxc8+ Bxc8
36.Kc3 Ke7 37.Kd4 Kd8 38.Kc5 Kc7 39.gxh6 gxh6 40.Bg6  1-0

[Event "Corporacion del Sur A"]
[Site "Buenos Aires ARG"]
[Date "2006.10.09"]
[Round "7"]
[White "Valerga,D"]
[Black "Fier,A"]
[Result "1/2-1/2"]
[WhiteElo "2461"]
[BlackElo "2490"]

1.e4 c5 2.Nf3 d6 3.d4 cxd4 4.Nxd4 Nf6 5.Nc3 Nc6 6.Bg5 e6 7.Qd2 a6 8.O-O-O Bd7
9.f4 b5 10.Bxf6 gxf6 11.Nxc6 Bxc6 12.Qe1 Be7 13.Bd3 Qb6 14.Kb1 Qc5 15.f5 b4
16.Ne2 e5 17.Ng3 a5 18.Qe2 Rc8 19.Bc4 h5 20.b3 h4 21.Nf1 a4 22.Qf3 axb3 23.cxb3 Bf8
24.Ne3 Bh6 25.Nd5 Bg5 26.Rhe1 Kf8 27.Qf1 Ra8 28.Re2 Kg7 29.Rc2 Ra3 30.Qe1 Bxd5
31.Bxd5 Qb6 32.Qe2 Ra5 33.Rc6 Qa7 34.Qc2 Rc5 35.Rxc5 Qxc5 36.Qxc5 dxc5 37.Bc4 h3  1/2-1/2

[Event "7th Veselin Boskovic Mem Op"]
[Site "Beograd SRB"]
[Date "2006.10.11"]
[Round "9"]
[White "Vujacic,Bo"]
[Black "Vasiukov,E"]
[Result "0-1"]
[WhiteElo "2385"]
[BlackElo "2502"]

1.e4 c5 2.Nf3 d6 3.d4 cxd4 4.Nxd4 Nf6 5.Nc3 Nc6 6.Bg5 Qb6 7.Nb3 e6 8.Bxf6 gxf6
9.Qd2 a6 10.O-O-O Bd7 11.f4 O-O-O 12.Be2 h5 13.Rhf1 Be7 14.Rf3 Rdg8 15.Bf1 Kb8
16.Kb1 Ka8 17.Na4 Qa7 18.c4 f5 19.c5 dxc5 20.Qxd7 Rd8 21.Qc7 Rxd1+ 22.Kc2 Rd6
23.e5 Nb4+ 24.Kb1 Rd1+ 25.Nc1 Nd5 26.Qa5 Bd8 27.Qxc5 Qxc5 28.Nxc5 Bb6 29.Nd3 Rc8
30.Be2 Rh1 31.g3 Rxh2  0-1

[Event "WJun"]
[Site "Yerevan ARM"]
[Date "2006.10.11"]
[Round "8"]
[White "Kjartansson,G"]
[Black "Brandenburg,D"]
[Result "1-0"]
[WhiteElo "2246"]
[BlackElo "2421"]

1.e4 c5 2.Nf3 d6 3.d4 cxd4 4.Nxd4 Nf6 5.Nc3 Nc6 6.Bg5 e6 7.Qd2 a6 8.O-O-O Bd7
9.f4 h6 10.Bh4 g5 11.fxg5 Ng4 12.Nf3 hxg5 13.Bg3 Be7 14.Bxd6 Bxd6 15.Qxd6 Nf2
16.Nd5 exd5 17.exd5 Ne7 18.Re1 Be6 19.Qe5 Ng6 20.Qd4 Nxh1 21.Bd3 O-O 22.dxe6 Qxd4
23.exf7+ Kxf7 24.Nxd4 Nf2 25.Rf1 Kg7 26.Nf5+ Kg8 27.Rxf2 Nf4 28.Bc4+ Kh8
29.g4 Rac8 30.Bf1 Rcd8 31.h4 Rfe8 32.b3 Re1+ 33.Kb2 Rdd1 34.Bc4 b5 35.hxg5 bxc4
36.Rxf4 cxb3 37.axb3 Kh7 38.Rc4 Kg6 39.Nh4+ Kf7 40.Rc6 Rb1+ 41.Kc3 Re3+ 42.Kd2 Rg3
43.g6+ Ke8 44.Rc8+ Kd7 45.g7  1-0

[Event "Autumn Cup"]
[Site "Bucharest ROM"]
[Date "2006.10.14"]
[Round "4"]
[White "Thesing,M"]
[Black "Moldovan,D"]
[Result "1/2-1/2"]
[WhiteElo "2410"]
[BlackElo "2450"]

1.e4 c5 2.Nf3 d6 3.d4 cxd4 4.Nxd4 Nf6 5.Nc3 Nc6 6.Bg5 e6 7.Qd2 a6 8.O-O-O Bd7
9.f4 b5 10.Bxf6 gxf6 11.Kb1 Qb6 12.Nce2 h5 13.g3 Rb8 14.Nxc6 Bxc6 15.Bg2 Qf2
16.Rhg1 b4 17.Rdf1 Qc5 18.Nd4 Bd7 19.Rd1 a5 20.Rge1 a4  1/2-1/2

[Event "Vasylyshyn Mem"]
[Site "Lviv UKR"]
[Date "2006.10.14"]
[Round "11"]
[White "Vovk,Y"]
[Black "Konovalov,N"]
[Result "1-0"]
[WhiteElo "2444"]
[BlackElo "2443"]

1.e4 c5 2.Nf3 Nc6 3.d4 cxd4 4.Nxd4 Nf6 5.Nc3 d6 6.Bg5 e6 7.Qd2 a6 8.O-O-O Bd7
9.f4 b5 10.Bxf6 gxf6 11.Kb1 b4 12.Nce2 Qb6 13.Nxc6 Bxc6 14.f5 Bxe4 15.fxe6 fxe6
16.Qf4 f5 17.Ng3 Qc6 18.Nxe4 Qxe4 19.Qg3 Qc6 20.Bd3 Kd7 21.Rhe1 Re8 22.Qf2 Bg7
23.Qa7+ Qc7 24.Qxa6 Rb8 25.Bc4 e5 26.Bb3 Ke7 27.Qd3 Qd7 28.Qc4 Rb6 29.Qh4+ Bf6
30.Qh6 Qe8 31.Qe3 Rb7 32.Qf3 Qd7 33.Rf1 h5 34.Qd5 Kf8 35.Ba4 Qf7 36.Qxd6+ Kg7
37.Bb3 Qe7 38.Qd3 f4 39.Qe4 Rbb8 40.g3 fxg3 41.Rd3 Rhc8 42.Rxg3+ Kh8 43.Qg6 Bg5
44.Rfg1 Bf4 45.Rh3 h4 46.Rxh4+  1-0

[Event "Open"]
[Site "Winterthur SUI"]
[Date "2006.10.14"]
[Round "9"]
[White "Kargin,A"]
[Black "Zambo,Z"]
[Result "1-0"]
[WhiteElo "2394"]
[BlackElo "2204"]

1.e4 c5 2.Nf3 d6 3.d4 cxd4 4.Nxd4 Nf6 5.Nc3 Nc6 6.Bg5 e6 7.Qd2 a6 8.O-O-O Bd7
9.f4 b5 10.Bxf6 gxf6 11.Kb1 Qb6 12.Nxc6 Bxc6 13.Qe1 Be7 14.Bd3 h5 15.f5 e5
16.h4 O-O-O 17.Be2 Kb7 18.Bf3 Rc8 19.Qe2 b4 20.Nd5 Bxd5 21.Rxd5 Qc6 22.Rc1 Qc4
23.Rd3 Rc7 24.b3 Qb5 25.Bxh5 Bf8 26.g3 Qc6 27.Rcd1 Rxh5 28.Qxh5 Qxc2+ 29.Ka1 d5
30.Qf3 Bh6 31.Qh1 d4 32.g4 Qe2 33.Qe1 Qxg4 34.Qxb4+ Ka7 35.Qd6 Kb7 36.Qxf6 Qf4
37.Qd6 Rc6 38.Qd5 Kb6 39.b4 Qh2 40.b5 axb5 41.Rb1 Kc7 42.Qxb5  1-0

[Event "WJun"]
[Site "Yerevan ARM"]
[Date "2006.10.16"]
[Round "13"]
[White "Filippov,An UZB"]
[Black "Margvelashvili,G"]
[Result "1-0"]
[WhiteElo "2501"]
[BlackElo "2456"]

1.e4 c5 2.Nf3 d6 3.d4 cxd4 4.Nxd4 Nf6 5.Nc3 Nc6 6.Bg5 e6 7.Qd2 Be7 8.O-O-O Nxd4
9.Qxd4 a6 10.Bxf6 Bxf6 11.Qxd6 Qxd6 12.Rxd6 Bxc3 13.bxc3 Bd7 14.Be2 Bc6 15.f3 Ke7
16.Rhd1 Rac8 17.Kb2 Rc7 18.R6d4 Rhc8 19.Rc4 g5 20.h4 gxh4 21.Rh1 Rg8 22.Bf1 Rg5
23.Rxh4 h5 24.f4 Rb5+ 25.Ka1 Ra5 26.Kb2 Rd7 27.Bd3 Rd8 28.e5 Rg8 29.Rd4 Rxg2
30.Rxh5 Bd5 31.c4 Bc6 32.Rh8 Rg4 33.Be4 Bxe4 34.Rxe4 Rc5 35.a4 Rc7 36.a5 Kd7
37.Kb3 Kc6 38.Kb4 Rg1 39.Rd4 Rb1+ 40.Kc3 Ra1 41.Rhd8 Kc5 42.R4d7 Ra3+ 43.Kd2 Rxd7+
44.Rxd7 Kxc4 45.Rxf7 Rxa5 46.Rxb7 Kd4 47.Rb6 Ke4 48.Rxe6 Kxf4 49.Kd3 Rxe5
50.Rf6+ Rf5 51.Rxa6 Rd5+ 52.Kc4 Rd2 53.c3 Ke5 54.Kc5 Rd5+ 55.Kb4 Rd8 56.c4 Rb8+
57.Kc5 Rc8+ 58.Kb5 Kd4 59.Rd6+ Kc3 60.c5 Rb8+ 61.Rb6 Rc8 62.Rb7 Kd4 63.c6 Kd5
64.Rd7+ Ke6 65.Kb6 Rb8+ 66.Kc7 Rb4 67.Kc8 Ra4 68.Rd1 Rb4 69.c7 Ke7 70.Re1+ Kf7
71.Kd7 Rd4+ 72.Kc6 Rc4+ 73.Kd6 Rd4+ 74.Kc5 Rd3 75.Kc4  1-0

[Event "XI WCh-Blind"]
[Site "Goa IND"]
[Date "2006.10.18"]
[Round "9"]
[White "Saez Gabikagogeaskoa,O"]
[Black "Bischoff,D"]
[Result "0-1"]
[WhiteElo "2006"]
[BlackElo "2168"]

1.e4 c5 2.Nf3 d6 3.d4 cxd4 4.Nxd4 Nf6 5.Nc3 Nc6 6.Bg5 e6 7.Qd2 a6 8.O-O-O Bd7
9.f3 b5 10.Nxc6 Bxc6 11.Kb1 Be7 12.g4 b4 13.Bxf6 Bxf6 14.Qxd6 Qxd6 15.Rxd6 Bd7
16.Nd1 a5 17.Ne3 Be5 18.Rd1 Ke7 19.Nc4 Bc7 20.Bd3 Bc6 21.h4 a4 22.h5 h6 23.Rhe1 Ra7
24.Ne3 Bg3 25.Re2 Rc8 26.Nd5+ Bxd5 27.exd5 Kf6 28.dxe6 fxe6 29.Rxe6+ Kxe6
30.Bf5+ Ke7 31.Bxc8 a3 32.Rd4 Rc7 33.Bf5 Rb7 34.Re4+ Kd6 35.Re6+ Kc5 36.Be4 Rb6
37.Re7 Rd6 38.Bd3 Rf6 39.Be2 Bf4 40.Re4 Bd2 41.Rc4+ Kd5 42.Rc8 Rd6 43.bxa3 bxa3
44.c4+ Kd4 45.c5 Rd5 46.c6 Rc5 47.Rd8+ Ke3 48.Rd3+ Kxe2 49.Rxa3 Rxc6 50.Ra7 Kd1
51.a4 Rb6+ 52.Ka2 Kc2 53.Rxg7 Rb2+  0-1

[Event "WYB12"]
[Site "Batumi GEO"]
[Date "2006.10.20"]
[Round "2"]
[White "Vishwanath,P"]
[Black "Vidit,S"]
[Result "1/2-1/2"]
[WhiteElo "2006"]
[BlackElo "2213"]

1.e4 c5 2.Nf3 d6 3.d4 cxd4 4.Nxd4 Nf6 5.Nc3 Nc6 6.Bg5 e6 7.Qd2 Be7 8.O-O-O O-O
9.f3 a6 10.Kb1 Qc7 11.Be3 Nxd4 12.Bxd4 b5 13.Qf2 Bb7 14.Bd3 b4 15.Ne2 e5
16.Be3 d5 17.Ng3 Rfe8 18.exd5 Nxd5 19.Nf5 Bf6 20.Be4 Red8 21.g4 Nxe3 22.Qxe3 Bxe4
23.Qxe4 Bg5 24.h4 Bf4 25.Ne3 Bxe3 26.Qxe3 Rac8 27.Rxd8+ Rxd8 28.Re1 Qd6 29.b3 f6
30.g5 Qc6 31.gxf6 Qxf6 32.Qe4 a5 33.Kb2 Re8 34.Kb1 Rd8 35.Kb2 Re8 36.Kb1 g6
37.Qd5+ Qe6 38.Rxe5  1/2-1/2

[Event "TCh-FIN 2006-7"]
[Site "Joensuu FIN"]
[Date "2006.10.21"]
[Round "3"]
[White "Saastamoinen,A"]
[Black "Nieminen,K"]
[Result "1-0"]
[WhiteElo "2175"]
[BlackElo "2190"]

1.e4 c5 2.Nf3 Nc6 3.d4 cxd4 4.Nxd4 Nf6 5.Nc3 d6 6.Bg5 e6 7.Qd2 a6 8.O-O-O Bd7
9.f4 h6 10.Bxf6 Qxf6 11.Nxc6 Bxc6 12.Bd3 Qd8 13.Kb1 Qa5 14.Rhf1 O-O-O 15.f5 Qe5
16.Qf4 Qxf4 17.Rxf4 Be7 18.fxe6 fxe6 19.Bc4 Kd7 20.Rf7 Rhg8 21.a4 Rdf8 22.Rdf1 g5
23.R1f6 Rxf7 24.Bxe6+ Kd8 25.Rxf7 Rg6 26.Bd5 Rf6 27.Rxf6 Bxf6 28.Bxc6 bxc6
29.Ne2 Be5 30.h3 h5 31.c3 Kc7 32.Kc2 Kb6 33.Kd3 Kc7 34.Nd4 Kd7 35.Kc4 Bf6
36.g4 hxg4 37.hxg4 Be5 38.a5 Bf6 39.b4 Be5 40.Kd3 Bf6 41.c4 Bd8 42.Nb3 Bf6
43.Nd2 Be5 44.Nf3 Bf6 45.e5 Bd8 46.Ke4 c5 47.bxc5 dxe5 48.Nxe5+ Ke6 49.Nc6 Bc7
50.Nd4+ Kd7 51.c6+ Kc8 52.Ne6 Bxa5 53.Nxg5 Bc3 54.Ne6 a5 55.Kd3 Be5 56.Kc2 a4
57.g5  1-0

[Event "WYG18"]
[Site "Batumi GEO"]
[Date "2006.10.23"]
[Round "6"]
[White "Daulyte,D"]
[Black "Van Nies,P"]
[Result "0-1"]
[WhiteElo "2205"]
[BlackElo "2109"]

1.e4 c5 2.Nf3 d6 3.d4 cxd4 4.Nxd4 Nf6 5.Nc3 Nc6 6.Bg5 e6 7.Qd2 Be7 8.O-O-O O-O
9.f4 Nxd4 10.Qxd4 Qa5 11.Be2 h6 12.Bh4 e5 13.fxe5 dxe5 14.Qe3 Be6 15.Kb1 Rac8
16.Bxf6 Rxc3 17.Qxc3 Bb4 18.Bxe5 Bxc3 19.Bxc3 Qxa2+ 20.Kc1 Qa4 21.Bf3 b5
22.b3 Bxb3 23.cxb3 Qxb3 24.Bd4 Rd8 25.Bf2 Rc8+ 26.Kd2 Qc2+ 27.Ke1 b4 28.Be2 Qxe4
29.Kf1 Qc2 30.Be3 Qf5+ 31.Ke1 b3 32.Bd3 Qe5 33.Kf2 a5 34.Rhe1 Qxh2 35.Bf5 Re8
36.Bd7 Qh4+ 37.Kg1 Rd8 38.Bf2 Qb4 39.Bf5 Rxd1 40.Rxd1 g6 41.Bb1 b2 42.Ba2 Kf8
43.Rf1 f5 44.Be3 Kg7 45.Bb1 a4 46.Rd1 a3 47.Ba2 g5 48.Rd7+ Kg6 49.Rd1 f4
50.Bf2 g4 51.Bb1+ Kg5 52.Rd5+ Kf6 53.Rd4 a2 54.Bxa2 b1=Q+ 55.Bxb1 Qxb1+ 56.Kh2 g3+
57.Bxg3 fxg3+ 58.Kxg3 Qe1+ 59.Kf3 Qc3+ 60.Ke4 Qc2+ 61.Kf3 Qc3+ 62.Ke4 Qg3
63.Rd2 h5 64.Re2 h4 65.Kd4 Kf5 66.Kc4 Kg4 67.Kd4 Qf4+ 68.Kd3 Kg3  0-1

[Event "III Open"]
[Site "Calvia ESP"]
[Date "2006.10.23"]
[Round "4"]
[White "Betancourt,D"]
[Black "Das,Ar"]
[Result "0-1"]
[WhiteElo "2250"]
[BlackElo "2373"]

1.e4 c5 2.Nf3 d6 3.d4 cxd4 4.Nxd4 Nf6 5.Nc3 Nc6 6.Bg5 Qb6 7.Nb3 e6 8.Qd2 Be7
9.O-O-O O-O 10.f3 Rd8 11.Be3 Qc7 12.Qf2 Nd7 13.g4 a6 14.h4 Nce5 15.g5 b5
16.Kb1 b4 17.Ne2 Nc4 18.Bc1 e5 19.Ng3 g6 20.h5 Nf8 21.hxg6 fxg6 22.f4 exf4
23.Qxf4 Ne5 24.Nd4 Ne6 25.Nxe6 Bxe6 26.Qh4 Bf8 27.Bh3 Bxh3 28.Qxh3 Rac8 29.Bf4 Qxc2+
30.Ka1 Qc7 31.Bxe5 dxe5 32.Qe6+ Qf7 33.Qxf7+ Kxf7 34.Rxh7+ Kg8 35.Rhh1 Be7
36.Kb1 Bxg5 37.Rd5 Bf4 38.Ne2 Rxd5 39.exd5 Kg7 40.Rg1 Kf6 41.Rf1 g5 42.Ng3 Rd8
43.d6 g4 44.Kc2 Ke6 45.Ne4 g3 46.Rg1 Rg8 47.Rg2 Rg7 48.Kd3 Kf5 49.Nc5 Rg8
50.d7 Rd8 51.Re2 Bg5 52.Rg2 Be7 53.Ne4 Kf4 54.Nd2 Rxd7+ 55.Ke2 Rxd2+ 56.Kxd2 Kf3
57.Re2 g2 58.Re1 Bc5  0-1

[Event "14th Chigorin Mem"]
[Site "St-Petersburg RUS"]
[Date "2006.10.23"]
[Round "1"]
[White "Romanov,E"]
[Black "Mikheev,S"]
[Result "1-0"]
[WhiteElo "2500"]
[BlackElo "2334"]

1.e4 c5 2.Nf3 d6 3.d4 cxd4 4.Nxd4 Nf6 5.Nc3 Nc6 6.Bg5 e6 7.Qd2 a6 8.O-O-O Bd7
9.f4 Be7 10.Nf3 b5 11.Bxf6 gxf6 12.f5 Qb6 13.Kb1 O-O-O 14.Ne2 Qf2 15.Qd3 Ne5
16.Qb3 exf5 17.exf5 Nxf3 18.gxf3 Rhe8 19.Nd4 Bf8 20.a4 Re5 21.axb5 axb5 22.Bxb5 Bxb5
23.Nxb5 Qb6 24.Rd5 Rxd5 25.Qxd5 Qc5 26.Qa8+  1-0

[Event "WYG16"]
[Site "Batumi GEO"]
[Date "2006.10.25"]
[Round "7"]
[White "Skinke,K"]
[Black "Zhorzholiani,M"]
[Result "1-0"]
[WhiteElo "2117"]
[BlackElo "2099"]

1.e4 c5 2.Nf3 d6 3.d4 cxd4 4.Nxd4 Nf6 5.Nc3 Nc6 6.Bg5 e6 7.f3 Qb6 8.Nb3 a6
9.Qd2 Be7 10.O-O-O O-O 11.g4 Rd8 12.Be3 Qc7 13.g5 Nd7 14.h4 b5 15.h5 Nce5
16.Qg2 Nb6 17.Bd4 b4 18.Nb1 d5 19.f4 Nec4 20.e5 a5 21.Bd3 a4 22.Bxh7+ Kh8
23.g6 f5 24.h6 Bf8 25.hxg7+ Bxg7 26.Nc5 Ra5 27.Nd3 b3 28.axb3 axb3 29.c3 Ra2
30.Qh3 Na4 31.Bg8+ Kxg8 32.Qh7+ Kf8 33.Qh8+ Bxh8 34.Rxh8+ Kg7 35.Rh7+ Kxg6
36.Rxc7 Bd7 37.Rb7 Naxb2 38.Rg1+ Kh6 39.Nc5 Bc8 40.Rh1+ Kg6 41.Rbh7 Nd3+
42.Nxd3 Rc2+ 43.Kd1  1-0

[Event "WYB18"]
[Site "Batumi GEO"]
[Date "2006.10.25"]
[Round "7"]
[White "Ragger,M"]
[Black "Wang,Da"]
[Result "1-0"]
[WhiteElo "2476"]
[BlackElo "2206"]

1.e4 c5 2.Nf3 Nc6 3.d4 cxd4 4.Nxd4 Nf6 5.Nc3 d6 6.Bg5 e6 7.Qd2 Be7 8.O-O-O a6
9.f4 Bd7 10.Nf3 b5 11.Bxf6 gxf6 12.Bd3 Qb6 13.Kb1 O-O-O 14.Rhe1 Kb8 15.f5 Ne5
16.Qh6 Rdg8 17.Qh5 Be8 18.Bf1 Nxf3 19.Qxf3 h5 20.Ne2 Bd7 21.Nf4 h4 22.Qb3 Rc8
23.fxe6 fxe6 24.Nxe6 Bf8 25.Nf4 Qf2 26.Nd3 Qa7 27.Nb4 f5 28.e5 dxe5 29.Nxa6+ Qxa6
30.Rxd7 Bc5 31.Bxb5 Qb6 32.Rxe5 Bd6 33.Re6 Rhe8 34.Rexd6 Qxd6 35.Bc6+  1-0

[Event "WYG16"]
[Site "Batumi GEO"]
[Date "2006.10.25"]
[Round "7"]
[White "Dave,D"]
[Black "Zarkua,E"]
[Result "1-0"]
[WhiteElo "1990"]
[BlackElo "1920"]

1.e4 c5 2.Nf3 d6 3.d4 cxd4 4.Nxd4 Nf6 5.Nc3 Nc6 6.Bg5 e6 7.Qd2 Be7 8.O-O-O Nxd4
9.Qxd4 O-O 10.f3 a6 11.h4 b5 12.Bd3 Bb7 13.g4 Qa5 14.a3 Rfc8 15.Na2 e5 16.Qe3 Qc7
17.Rd2 d5 18.Bxf6 d4 19.Qg1 Bxf6 20.g5 Be7 21.h5 Qa5 22.g6 fxg6 23.hxg6 h6
24.Rdh2 Qd8 25.Kb1 Bg5 26.Nb4 a5 27.Nd5 b4 28.a4 Rc6 29.b3 Rxg6 30.f4 exf4
31.Nxf4 Rf6 32.Bc4+ Kh8 33.Qxg5 Qb6 34.Bd3 Raf8 35.Nh5 Rg6 36.Qe5 Kh7 37.Qe7 Rf3
38.e5 Rxd3 39.cxd3 Bxh1 40.Nf6+ Rxf6 41.exf6  1-0

[Event "WYG16"]
[Site "Batumi GEO"]
[Date "2006.10.25"]
[Round "7"]
[White "Fuchs,Ju"]
[Black "Bokuchava,M"]
[Result "1/2-1/2"]
[WhiteElo "2131"]
[BlackElo "2071"]

1.e4 c5 2.Nf3 d6 3.d4 cxd4 4.Nxd4 Nf6 5.Nc3 Nc6 6.Bg5 Bd7 7.Qd2 Rc8 8.O-O-O Nxd4
9.Qxd4 Qa5 10.h4 e5 11.Qd2 Rxc3 12.Qxc3 Qxc3 13.bxc3 Nxe4 14.Be3 Nxc3 15.Rd3 Ne4
16.Bxa7 Be7 17.Rb3 Bc6 18.Bb5 Kd7 19.Bxc6+ bxc6 20.Rb7+ Ke6 21.Kb2 f5 22.a4 Nd2
23.Kc3 Ne4+ 24.Kb3 Nd2+ 25.Kb4 Ra8 26.Rd1 Ne4 27.f3 d5+ 28.Rxe7+ Kxe7 29.fxe4 Rxa7
30.exd5 cxd5 31.Rxd5 Ke6 32.Rd2 e4 33.a5 e3 34.Re2 f4 35.Kb5 Rb7+ 36.Kc6 Rb4
37.a6 Ra4 38.Kb6 Rb4+ 39.Kc6 Ra4 40.Kb6 Rb4+ 41.Kc6  1/2-1/2

[Event "14th Chigorin Mem"]
[Site "St-Petersburg RUS"]
[Date "2006.10.25"]
[Round "3"]
[White "Demianjuk,A"]
[Black "Polschikov,A"]
[Result "1/2-1/2"]
[WhiteElo "2345"]
[BlackElo "2311"]

1.e4 c5 2.Nf3 d6 3.d4 cxd4 4.Nxd4 Nf6 5.Nc3 Nc6 6.Bg5 Bd7 7.Be2 Qa5 8.Bxf6 gxf6
9.O-O Qg5 10.Nd5 Bh3 11.Bf3 Rg8 12.Ne3 Ne5 13.Kh1 Nxf3 14.Qxf3 Bg4 15.Nxg4 Qxg4
16.Qxg4 Rxg4 17.f3 Rg8 18.c4 a6 19.b3 e6 20.f4 Be7 21.a4 Bd8 22.Rad1 Bb6
23.g3 Ke7 24.Kg2 Bc5 25.Kf3 h5 26.Rd3 Rgc8 27.Rfd1 Rd8 28.Ne2 b5 29.cxb5 axb5
30.Nc3 bxa4 31.Nxa4 Bb4 32.Rc1  1/2-1/2

[Event "14th Chigorin Mem B"]
[Site "St-Petersburg RUS"]
[Date "2006.10.25"]
[Round "4"]
[White "Fazulyanov,S"]
[Black "Hagen,Ande"]
[Result "1-0"]
[WhiteElo "2297"]
[BlackElo "1965"]

1.e4 c5 2.Nf3 Nc6 3.d4 cxd4 4.Nxd4 Nf6 5.Nc3 d6 6.Bg5 e6 7.Qd2 a6 8.O-O-O h6
9.Bf4 Bd7 10.Nxc6 Bxc6 11.Qe3 e5 12.Bg3 b5 13.Kb1 Qc7 14.Bd3 Be7 15.f4 b4
16.Nd5 Bxd5 17.exd5 e4 18.Bxe4 Nxe4 19.Qxe4 O-O 20.Bf2 Bf6 21.g4 Rfe8 22.Qd3 a5
23.h4 b3 24.cxb3 a4 25.g5 axb3 26.gxf6 Rxa2 27.Qxb3 Rxb2+ 28.Qxb2 Rb8 29.Bd4 Rxb2+
30.Bxb2 g6 31.h5 Qc4 32.Rd4 Qe2 33.hxg6 fxg6 34.Rc1 Qg4 35.Rc7 h5 36.Rdc4 Qd1+
37.Bc1 Qxd5 38.Rg7+  1-0

[Event "WYB14"]
[Site "Batumi GEO"]
[Date "2006.10.26"]
[Round "9"]
[White "Durarbeyli,V"]
[Black "Bregadze,L"]
[Result "1/2-1/2"]
[WhiteElo "2243"]
[BlackElo "2269"]

1.e4 c5 2.Nf3 d6 3.d4 cxd4 4.Nxd4 Nf6 5.Nc3 Nc6 6.Bg5 e6 7.Qd2 Be7 8.O-O-O Nxd4
9.Qxd4 O-O 10.f4 Qa5 11.Bc4 Bd7 12.e5 dxe5 13.fxe5 Bc6 14.Bd2 Nd7 15.Nd5 Qd8
16.Nxe7+ Qxe7 17.Rhe1 Nb6 18.Bf1 Rfd8 19.Qg4 Qc5 20.Qb4 Qxb4 21.Bxb4 Rxd1+
22.Rxd1 f6 23.Bc3 Nd5 24.Bd4 fxe5 25.Bxe5 Ne3 26.Re1 Nxf1 27.Rxf1 Rf8 28.Rxf8+ Kxf8
29.g3 g6 30.Kd2 Ke7 31.Ke3 a6 32.Kd4 Kd7 33.Kc5 Be4 34.c4 Bc2 35.Kb6 Kc8
36.Bf4 Bd3 37.Kc5 Kd7 38.b3 Be2 39.b4 b5  1/2-1/2

[Event "WYG16"]
[Site "Batumi GEO"]
[Date "2006.10.26"]
[Round "9"]
[White "Fuchs,Ju"]
[Black "Zhorzholiani,M"]
[Result "0-1"]
[WhiteElo "2131"]
[BlackElo "2099"]

1.e4 c5 2.Nf3 d6 3.d4 cxd4 4.Nxd4 Nf6 5.Nc3 Nc6 6.Bg5 e6 7.Qd2 Qb6 8.Nb3 a6
9.Be2 Be7 10.Bxf6 gxf6 11.O-O Bd7 12.a4 Na5 13.Nd4 Rc8 14.Rfb1 Qb4 15.Nf3 h5
16.h4 Nc4 17.Bxc4 Rxc4 18.Qd3 Rg8 19.Ra3 Rc7 20.Qe3 f5 21.Qh6 fxe4 22.Qh7 Rf8
23.Rb3 Qc4 24.Ng5 Bxa4 25.Ncxe4 Bxb3 26.cxb3 Qc2 27.Re1 d5 28.Qxh5 Kd7 29.Ng3 Bxg5
30.Qxg5 Qxb2 31.h5 Kc8 32.h6 f6 33.Qf4 e5 34.Qb4 Rh8 35.Qg4+ Kb8 36.Nf5 Rc1
37.Qb4 Rxe1+ 38.Qxe1 Qc2 39.g4 d4 40.Qb4 Qd1+ 41.Kh2 Qxg4 42.Qd6+ Ka8 43.Qxf6 Qf4+
44.Kg1 Rg8+ 45.Kf1 Qc1+ 46.Ke2 Qc2+  0-1

[Event "14th Chigorin Mem"]
[Site "St-Petersburg RUS"]
[Date "2006.10.26"]
[Round "5"]
[White "Hammer,J"]
[Black "Lutsko,I"]
[Result "1/2-1/2"]
[WhiteElo "2380"]
[BlackElo "2489"]

1.e4 c5 2.Nf3 d6 3.d4 cxd4 4.Nxd4 Nf6 5.Nc3 Nc6 6.Bg5 e6 7.Qd2 a6 8.O-O-O Bd7
9.f4 Be7 10.Nf3 b5 11.e5 b4 12.exf6 bxc3 13.Qxc3 gxf6 14.Bh4 d5 15.a3 Rc8
16.Qe3 Qc7 17.Kb1 Rb8 18.Qc3 Rg8 19.g3 Qd6 20.Ka1 e5 21.fxe5 fxe5 22.Bxe7 Kxe7
23.Bc4 Be6 24.Rhe1 d4 25.Qd3 Rb6 26.Bxe6 Qxe6 27.Qxh7 Rgb8 28.Rb1 Rb5 29.h4 Qd6
30.Qd3 f5 31.g4 fxg4 32.Ng5 Kd7 33.Rf1 Nd8 34.Qh7+ Kc8 35.Nf7 Qe7 36.Qg6 Ne6
37.Ng5 Nc7 38.Ka2 R8b6 39.Qe4 Qc5 40.Qxg4+ Kb8 41.Qf5 Ka7 42.Qd3 Nd5 43.Rf7+ Rb7
44.Rxb7+ Rxb7 45.Ne4 Qc6 46.Ka1 Nf4 47.Qf3 Qxc2 48.Nf2 d3 49.Qe3+ Ka8 50.Nd1 Qe2
51.Qc5 Qc2 52.Qxe5 Ne2 53.Qe8+ Ka7 54.Qe3+ Ka8 55.Qe8+ Ka7 56.Qe3+  1/2-1/2